Successful sales management : how to make your team the best

Bibliographic Details
Main Author: STEWART, Grant
Format: Book
Published: London : Pitman Publishing , 1993
Subjects:

MARC

LEADER 00000cam a2200000 7i4500
001 0000002521
002 000002745
005 20000330.0
020 |a 0273600680 
090 0 0 |a 658.81   |b STE 
100 1 |a STEWART, Grant 
245 1 0 |a Successful sales management :   |b how to make your team the best   |c Grant Stewart 
260 |a London :   |b Pitman Publishing ,   |c 1993 
300 |a 175p. ;   |c 23cm. 
650 0 0 |a Sales management 
999 |a 035986   |b BUKU   |c PINJAMAN   |e PERPUSTAKAAN KOMUNITI PETALING JAYA 
999 |a 035987   |b BUKU   |c PINJAMAN   |e PERPUSTAKAAN KOMUNITI PETALING JAYA